00382nam a2200157 a 45000010005000000030009000050080041000140400028000550820009000831000018000922450023001102600029001333000015001624900024001776500023002012384CO-ViMGA141112s2004 ck r 000 u spa d aCO-ViMGAbspacCO-ViMGA04aMATs1 aMateos, Pilar10aSilverio el grande aMadrid : bAnaya, c1993 a138 p : il aEl duende verde, 5814aCUENTOS INFANTILES